Datum a čas kvízu
30.5
Celkem bodů
Celkový počet nahraných bodů na tomto kvízu bez doplňovacích otázek.
5.
Pořadí na kvízu
Konečné umístění týmu na tomto kvízu.
Zaznamenané odpovědi
| # | Otázka | Odpověď | Body | Výsledky |
|---|---|---|---|---|
| 1. | Jak se jmenuje bývalý vrcholný... | Jan Hamáček | 1 | |
| 2. | Ve kterém německém městě se mi... | v Mnichově | 1 | |
| 3. | Minulý týden v úterý oslavil p... | Robbie Williams | 0 | |
| 4. | Nadnárodní gigant na poli výro... | Nike | 1 | |
| 5. | Pražská Sparta si z úvodního z... | 3:2 | 1 | |
| 6. | Obec s nejdelším názvem v Česk... | A | 1 | |
| 7. | Česká republika se dělí na 14... | Karlovy Vary, Jihlava | 1 | |
| 8. | Nejvýše položená železniční st... | Kubova | 1 | |
| 9. | V této otázce bude potřeba k z... | 1C 2D 3A 4B | 0 | |
| 10. | V České republice jsou čtyři ú... | Krkonošský NP | 1 |